000 00227nmm a2200085Ia 4500
008 220120s9999||||xx |||||||||||||||||und||
100 _aEFY
245 0 _aUtilities : GNU Image manipulation programe, TWO transistor
260 _c2005
999 _c138512
_d138512